zpět

Detail výsledku týmu

Cabaret café bar, Olomouc

Datum a čas kvízu

20.5 Celkem bodů Celkový počet nahraných bodů na tomto kvízu bez doplňovacích otázek.
5. Pořadí na kvízu Konečné umístění týmu na tomto kvízu.

Zaznamenané odpovědi

# Otázka Odpověď Body Výsledky
1. Někteří senátoři chtějí ve Va... lavička s popelníkem 1
2. Na Slovensku byl přetřásán stř... Ministerstvo životního prostředí 0
3. Nejvíce nominací na hudební Ce... Vladimír Mišík 1
4. Do švýcarského městečka Davos... Světové ekonomické fórum (WEF) 0
5. Šestadvacetiletý český motocyk... Jakub Kornfeil 0
6. Jelikož se o ostrovech zmiňuje... D) zaťatou pěst se vztyčeným ukazováčkem 0
7. Jak se nazývá ostrov, na němž... Borneo 0
8. Za jistou formu "ostrova" se d... B C 0.5
9. Ostrovid je druhové jméno jist... rys 0
10. Jak se jmenoval německý patolo... Paul Langerhans 1